Técnicas de Galdós
Guardat en:
| Autor principal: | |
|---|---|
| Format: | Llibre |
| Idioma: | espanyol |
| Publicat: |
Madrid
Taurus
1970
|
| Col·lecció: | Ensayistas de Hoy
|
| Matèries: | |
| Etiquetes: |
Afegir etiqueta
Sense etiquetes, Sigues el primer a etiquetar aquest registre!
|
MARC
| LEADER | 00000nam a2200000 a 4500 | ||
|---|---|---|---|
| 001 | UCT6760 | ||
| 003 | CL-VaPUC | ||
| 008 | 970113e19700000SP |||||||||||||||||spa|d | ||
| 082 | 0 | 4 | |a 863.09 |b GUL |2 21 |
| 100 | |a Gullón, Ricardo |e author |9 424603 | ||
| 245 | 1 | 0 | |a Técnicas de Galdós |
| 300 | |a 222 p | ||
| 942 | |c BK | ||
| 945 | |d 19970113 00:00:00 |a nastorga | ||
| 260 | |a Madrid |b Taurus |c 1970 | ||
| 600 | 0 | 7 | |a PEREZ GALDOS, BENITO |2 CL-VaPUC |9 318144 |
| 650 | 7 | |a NOVELA ESPAÑOLA |2 CL-VaPUC |9 313139 | |
| 650 | 0 | |a Historia y crítica |9 257407 | |
| 650 | 0 | |a Personajes |9 329683 | |
| 650 | 0 | |a Lenguaje |9 265069 | |
| 650 | 0 | |a Mitología |9 255719 | |
| 583 | |a last modification |c 19970113 00:00:00 |k Rodrigo Vera | ||
| 490 | 0 | |a Ensayistas de Hoy | |
| 999 | |c 255436 |d 255434 | ||
| 952 | |0 0 |1 0 |4 0 |6 863_090000000000000_GUL_1970 |7 0 |8 A |9 277667 |a BIBEDU |b BIBEDU |d 2019-11-19 |i 3273326 |o 863.09 GUL 1970 |p 3273326 |r 2019-11-19 |w 2019-11-19 |y BK |k LIT | ||